| 000 | 00711nam a2200193 a 4500 | ||
|---|---|---|---|
| 001 | BRCA_6294 | ||
| 005 | 20190320205412.0 | ||
| 008 | 050711s2011----mx-a######---#000-0#spa-# | ||
| 041 | _aspa | ||
| 044 | _amx | ||
| 050 | 4 |
_aN6498 _b.B54 2011 |
|
| 245 | 1 | 0 |
_aVI [i. e. Sexta] Bienal Internacional de Arte Textil Contemporáneo _bAIRE Xalapa 2011. |
| 260 |
_aMéxico _bWorld Textile Art : Universidad Veracruzana y Secretaría de Turismo y Cultura _c2011 |
||
| 300 |
_a111 p. _bil. a color _c21 cm. |
||
| 546 | _aTexto en: español e inglés | ||
| 650 | 1 | 4 |
_aTrabajo en fibra _vExposiciones _xHistoria _ySiglo XXI _915474 |
| 710 | 2 |
_aUniversidad Veracruzana y Secretaría de Turismo y Cultura _915782 |
|
| 942 |
_2lcc _cB |
||
| 999 |
_c5980 _d5980 |
||